2023 women’s world cup - Flags - Statistics

General Stats
  • This quiz has been taken 34 times
  • The average score is 31 of 32
Answer Stats
Picture Answer % Correct
Australia
100%
Brazil
100%
Canada
100%
China PR
100%
Denmark
100%
England
100%
Japan
100%
New Zealand
100%
Nigeria
100%
Norway
100%
Philippines
100%
Portugal
100%
Republic of Ireland
100%
Spain
100%
Switzerland
100%
USA
100%
Argentina
96%
France
96%
Germany
96%
Haiti
96%
Italy
96%
Jamaica
96%
Morocco
96%
Netherlands
96%
South Africa
96%
Sweden
96%
Costa Rica
93%
Korea Republic
93%
Panama
93%
Vietnam
93%
Colombia
89%
Zambia
89%
No matching quizzes found
Score Distribution
Percent of People with Each Score
Percentile by Number Answered
Your Score History
You have not taken this quiz